Taken notice (Record no. 84662)

MARC details
000 -LEADER
fixed length control field 00777cab a22001935a 4500
001 - CONTROL NUMBER
control field L158706
008 - FIXED-LENGTH DATA ELEMENTS--GENERAL INFORMATION
fixed length control field 150626e20150613xxk 000 0 eng d
035 ## - SYSTEM CONTROL NUMBER
System control number (Sirsi) u158706
041 0# - LANGUAGE CODE
Language code of text/sound track or separate title eng
100 1# - MAIN ENTRY--PERSONAL NAME
Personal name Dollar, Peta
245 00 - TITLE STATEMENT
Title Taken notice
260 ## - PUBLICATION, DISTRIBUTION, ETC.
Date of publication, distribution, etc. 2015
490 ## - SERIES STATEMENT
Series statement Estates Gazette
Volume/sequential designation (1523) 13 June 2015, 104-106(3)
520 ## - SUMMARY, ETC.
Summary, etc. Examines difficult issues under Section 5 notices of the Landlord and Tenant Act 1987 which are connected to a landlords wish to serve offer notices on tenants. For example, if a landlord served Section 5 notices and received a response from each of the qualifying tenants in a building can a proposed disposal still go ahead?
590 ## - LOCAL NOTE (RLIN)
Local note KA
651 #4 - SUBJECT ADDED ENTRY--GEOGRAPHIC NAME
Geographic name United Kingdom
690 ## - LOCAL SUBJECT ADDED ENTRY--TOPICAL TERM (OCLC, RLIN)
Topical term or geographic name as entry element Landlord and tenant
9 (RLIN) 6252
942 ## - ADDED ENTRY ELEMENTS (KOHA)
Suppress in OPAC 0
Holdings
Withdrawn status Lost status Source of classification or shelving scheme Damaged status Not for loan Home library Current library Shelving location Date acquired Total Checkouts Full call number Barcode Date last seen Copy number Price effective from Koha item type
    Dewey Decimal Classification     London London Journal article 26/06/2015   L158706 158706-1001 06/08/2019 1 06/08/2019 Journal article